000 00984nam a2200229Ia 4500
003 Ost
005 20260507074851.0
008 260507s9999||||xx |||||||||||||| ||und||
040 _cfsecg
041 _aara
082 _a658.8
100 _aسامى، أحمد مراد
_eمؤلف
245 0 _aتفعيل التسويق المصرفي لمواجهة آثار الجاتس /
_c أحمد مراد سامى
260 _aالقاهرة:
_bالمكتب العربي للمعارف,
_c2007
300 _a326 صفحة؛
_bإيضاحات ؛
_c24 سم
504 _aبيبليوغرافيا: ص.297
520 _aيضم الجاتس والخدمات المصرفية، التسويق المصرفي ودراسة العملاء والسوق، تفعيل التسويق المصرفي وتحقيق رضا العميل، ادارة النشاط التسويقي في البنك
653 _aالادارة
653 _aالبنوك
653 _aالتسويق
942 _cكتاب
999 _c41578
_d41578